First Word Best Picture Winners Quiz Stats

 Plays Quiz Updated Aug 27, 2017

Challenge
Share
Tweet
Embed
Score 0/30 Timer 04:00
3 Plays Today
First Word % Correct
Forrest
97.7%
Million
97.6%
One
97.1%
My
96.8%
West
96.4%
Gone
96.3%
Around
96.2%
In
95.5%
No
94.4%
Kramer
93.2%
It
92.2%
From
92.1%
12
92%
Lawrence
91.9%
Driving
91.6%
First Word % Correct
Terms
91%
All
90.6%
Dances
90.6%
American
88.5%
Slumdog
87.9%
You
86.3%
Schindler's
85.8%
Out
83.2%
Annie
83.1%
How
79.1%
Midnight
73.3%
Mutiny
72.2%
Shakespeare
71.9%
Chariots
70.4%
Tom
34.9%

You're not logged in!

Compare scores with friends on all Sporcle quizzes.
Join for Free
OR
Log In

You Might Also Like...

Show Comments

Extras

Top Quizzes Today


Score Distribution

Your Account Isn't Verified!

In order to create a playlist on Sporcle, you need to verify the email address you used during registration. Go to your Sporcle Settings to finish the process.

Report this User

Report this user for behavior that violates our Community Guidelines.

Details: